000 01209cad a22002175a 4500
001 L150323
008 100629e2010 xxk 000 0 eng d
035 _a(Sirsi) u150323
041 0 _aeng
050 _a696.9 $1 8
110 2 _aCommission for Architecture and the Built Environment
_94058
245 0 0 _aImproving the design of new housing
_bwhat role for standards?
_h[electronic resource]
260 _aLondon
_bCABE
_c2010
520 _aImportance of good design; includes a map of current UK housing standards illustrating how the national standards and guidance, additional standards and guidance, assessments and certifications overlap and cause confusion; suggestions for a simpler and more effective standards framework with increased local involvement; footnotes with useful websites.
590 _aNTK
651 4 _aUnited Kingdom
_y
690 _aBUILT ENVIRONMENT-CONSTRUCTION DESIGN
690 _aPROPERTY-RESIDENTIAL PROPERTY-DOMESTIC RESIDENTIAL PROPERTY-HOUSING
856 4 8 _uhttps://webarchive.nationalarchives.gov.uk/20110118095356/http:/www.cabe.org.uk/files/improving-the-design-of-new-housing.pdf
_zView this item free of charge at webarchive.nationalarchives.gov.uk
942 _n0
999 _c82461
_d82461